000 00492nam a2200181Ia 4500
005 20250508150238.0
008 008 250505s9999 xx 000 0 eng d
037 _aTextual
040 _aFEDL
_beng
_cFEDL
041 _aeng
_2eng
084 _a570, DAL
_qFEDL
100 _aDale Alan
_9756229
245 0 _aIntroduction to social biology
260 _aLondon, UK
_bWilliam Heinemann Ltd
_c1947
300 _avi,396p.
942 _cTEXL
_h570, DAL
999 _c1322608
_d1322608